[Event "GER-chT U16"]
[Site "Willingen"]
[Date "2021.06.27"]
[Round "7.3"]
[White "Kallweit, Paul"]
[Black "Von Krosigk, Florian"]
[Result "0-1"]
[WhiteElo "1832"]
[BlackElo "1941"]
[PlyCount "68"]
[EventDate "2021.06.23"]
[EventType "team-swiss"]
[EventRounds "7"]
[EventCountry "GER"]
[SourceTitle "CBM 203 Extra"]
[Source "ChessBase"]
[SourceDate "2021.09.30"]
[SourceVersion "1"]
[SourceVersionDate "2021.09.30"]
[SourceQuality "1"]
[WhiteTeam "Greifswald"]
[BlackTeam "Hamburger SK"]
[WhiteTeamCountry "GER"]
[BlackTeamCountry "GER"]

1. d4 Nf6 2. c4 e6 3. Nc3 Bb4 4. Qc2 0-0 5. e4 Bxc3+ 6. bxc3 d6 7. Bd3 e5 8. Ne2 b6 9. 0-0 h6 10. Be3 Nc6 11. Rad1 Bb7 12. a3 Qe7 13. h3 Na5 14. Ng3 Rae8 15. Rfe1 Kh7 16. Bc1 Ng8 17. Nf1 Qf6 18. Ne3 g6 19. Nd5 Qd8 20. Bb2 Bc8 21. Ne3 Qg5 22. Kf1 f5 23. exf5 gxf5 24. Bc1 Qh5 25. Nd5 c6 26. Ne3 e4 27. Qe2 Qh4 28. Bc2 f4 29. Ng4 f3 30. Bxe4+ Kh8 31. Qc2 Bxg4 32. Re3 fxg2+ 33. Kxg2 Bxd1 34. Qxd1 Qxf2+ 0-1

[Event "GER-chT U16"]
[Site "Willingen"]
[Date "2021.06.25"]
[Round "3.1"]
[White "Schubert, Nikita"]
[Black "Von Krosigk, Florian"]
[Result "0-1"]
[WhiteElo "1917"]
[BlackElo "1941"]
[PlyCount "66"]
[EventDate "2021.06.23"]
[EventType "team-swiss"]
[EventRounds "7"]
[EventCountry "GER"]
[SourceTitle "CBM 203 Extra"]
[Source "ChessBase"]
[SourceDate "2021.09.30"]
[SourceVersion "1"]
[SourceVersionDate "2021.09.30"]
[SourceQuality "1"]
[WhiteTeam "Gera"]
[BlackTeam "Hamburger SK"]
[WhiteTeamCountry "GER"]
[BlackTeamCountry "GER"]

1. d4 Nf6 2. c4 e6 3. Nf3 d5 4. g3 dxc4 5. Bg2 Bd7 6. Ne5 Bc6 7. Nxc6 Nxc6 8. e3 Qd7 9. 0-0 0-0-0 10. Nc3 Nd5 11. Qe2 Nb6 12. Rd1 Bb4 13. Bd2 f5 14. b3 cxb3 15. axb3 Bxc3 16. Bxc3 Nd5 17. Be1 Kb8 18. Rdc1 a6 19. Qc4 Na7 20. Bf1 h5 21. Ra5 g5 22. Rca1 c6 23. Bd2 Rdg8 24. Re1 Nb5 25. Bg2 h4 26. Qd3 hxg3 27. hxg3 Nf6 28. Qc2 Rh6 29. Ra4 Nd6 30. Bc1 Nde4 31. Bb2 Rgh8 32. Qe2 Qh7 33. Qf3 Nd2 0-1

[Event "GER-chT Christmas U16 Lasker"]
[Site "Playchess.com INT"]
[Date "2020.12.28"]
[Round "1.3"]
[White "Beyer, Lorenz"]
[Black "Von Krosigk, Florian"]
[Result "1/2-1/2"]
[WhiteElo "1362"]
[BlackElo "1941"]
[PlyCount "67"]
[EventDate "2020.12.28"]
[EventType "team-swiss (blitz)"]
[EventRounds "7"]
[EventCountry "GER"]
[SourceTitle "CBM 200 Extra"]
[Source "ChessBase"]
[SourceDate "2021.03.31"]
[SourceVersion "1"]
[SourceVersionDate "2021.03.31"]
[SourceQuality "1"]
[WhiteTeam "Barnim Stahl Finow"]
[BlackTeam "Hamburger SK"]
[WhiteTeamCountry "GER"]
[BlackTeamCountry "GER"]

1. d4 Nf6 2. Nf3 e6 3. Bf4 d5 4. e3 Bd6 5. Nbd2 c5 6. Bxd6 Qxd6 7. c3 Nc6 8. Bd3 0-0 9. 0-0 b6 10. Qe2 e5 11. dxe5 Nxe5 12. Nxe5 Qxe5 13. Nf3 Qe7 14. Rad1 Bb7 15. Ba6 Rfe8 16. Bxb7 Qxb7 17. Qc2 Qc6 18. Rd2 Rad8 19. Rfd1 Rd6 20. c4 Red8 21. cxd5 Rxd5 22. Rxd5 Rxd5 23. h3 Qd7 24. Rxd5 Qxd5 25. Qa4 Qd7 26. Qf4 h6 27. Ne5 Qd5 28. Nc4 Kh7 29. b3 Qe4 30. Qe5 Kg6 31. Qg3+ Kh7 32. Qe5 Kg6 33. Qg3+ Kh7 34. Qe5 1/2-1/2

[Event "GER-chT Christmas U16 Lasker"]
[Site "Playchess.com INT"]
[Date "2020.12.28"]
[Round "5.3"]
[White "Von Krosigk, Florian"]
[Black "Hoffmann, Tom"]
[Result "1-0"]
[WhiteElo "1941"]
[BlackElo "1296"]
[PlyCount "61"]
[EventDate "2020.12.28"]
[EventType "team-swiss (blitz)"]
[EventRounds "7"]
[EventCountry "GER"]
[SourceTitle "CBM 200 Extra"]
[Source "ChessBase"]
[SourceDate "2021.03.31"]
[SourceVersion "1"]
[SourceVersionDate "2021.03.31"]
[SourceQuality "1"]
[WhiteTeam "Hamburger SK"]
[BlackTeam "Kastellaun"]
[WhiteTeamCountry "GER"]
[BlackTeamCountry "GER"]

1. e4 c5 2. Nf3 d6 3. d4 cxd4 4. Nxd4 Nf6 5. f3 e5 6. Bb5+ Bd7 7. Bxd7+ Nbxd7 8. Nf5 d5 9. exd5 Nb6 10. d6 Qd7 11. Qd3 g6 12. Bg5 Qxf5 13. Qxf5 gxf5 14. Bxf6 Rg8 15. Bxe5 Nc4 16. Bg3 Bxd6 17. Bxd6 Nxd6 18. Kf2 0-0-0 19. b3 Nb5 20. a4 Nd4 21. Na3 Kb8 22. Rad1 Rge8 23. Rhe1 Rxe1 24. Kxe1 Re8+ 25. Kf1 Nc6 26. Nb5 a6 27. Nd4 Ne7 28. Re1 Kc8 29. Nxf5 Kd7 30. Rd1+ Ke6 31. Ng7+ 1-0

[Event "GER-chT Christmas U16 Lasker"]
[Site "Playchess.com INT"]
[Date "2020.12.28"]
[Round "6.3"]
[White "Wu, Luka"]
[Black "Von Krosigk, Florian"]
[Result "0-1"]
[WhiteElo "2065"]
[BlackElo "1941"]
[PlyCount "134"]
[EventDate "2020.12.28"]
[EventType "team-swiss (blitz)"]
[EventRounds "7"]
[EventCountry "GER"]
[SourceTitle "CBM 200 Extra"]
[Source "ChessBase"]
[SourceDate "2021.03.31"]
[SourceVersion "1"]
[SourceVersionDate "2021.03.31"]
[SourceQuality "1"]
[WhiteTeam "Baden-Baden"]
[BlackTeam "Hamburger SK"]
[WhiteTeamCountry "GER"]
[BlackTeamCountry "GER"]

1. e4 e5 2. Nf3 Nc6 3. Bb5 a6 4. Ba4 Nf6 5. 0-0 b5 6. Bb3 Be7 7. Re1 d6 8. c3 0-0 9. h3 Nb8 10. d4 Nbd7 11. Nbd2 Bb7 12. Bc2 c5 13. Nf1 Re8 14. a4 Bf8 15. Ng3 h6 16. b3 Rc8 17. axb5 axb5 18. Qe2 Ba8 19. Bd3 cxd4 20. cxd4 b4 21. Bd2 exd4 22. Nxd4 d5 23. Qf3 Ne5 24. Qe3 Nxd3 25. Qxd3 dxe4 26. Qe3 Nd5 27. Qe2 e3 28. Bxe3 Nf4 29. Qg4 Nxg2 30. Rxa8 Nxe1 31. Ra2 Nd3 32. Ngf5 Kh7 33. Rd2 Ne5 34. Qg3 Qd5 35. Rd1 Red8 36. Qg2 Nf3+ 37. Kf1 Nxd4 38. Qxd5 Rxd5 39. Nxd4 Bc5 40. Kg2 Bxd4 41. Rxd4 Rxd4 42. Bxd4 Rd8 43. Bc5 Rd3 44. Bxb4 Rxb3 45. Bc5 g5 46. Be3 Kg6 47. Bd4 f5 48. Be5 f4 49. Bd4 Kf5 50. Bc5 h5 51. Bd6 g4 52. hxg4+ Kxg4 53. Be7 h4 54. Bd6 h3+ 55. Kh2 Kf3 56. Bc5 Rb2 57. Kxh3 Rxf2 58. Kh4 Rg2 59. Bd4 Rh2+ 60. Kg5 Ke4 61. Bg1 f3 62. Bxh2 f2 63. Kg4 f1Q 64. Bg3 Qf3+ 65. Kh4 Qf5 66. Bh2 Kf3 67. Bg3 Qg4# 0-1

[Event "GER-chT U14"]
[Site "Magdeburg"]
[Date "2019.12.30"]
[Round "7.1"]
[White "Wusterack, Paul"]
[Black "Von Krosigk, Florian"]
[Result "1/2-1/2"]
[WhiteElo "1539"]
[BlackElo "1984"]
[PlyCount "43"]
[EventDate "2019.12.27"]
[EventType "team-swiss"]
[EventRounds "7"]
[EventCountry "GER"]
[SourceTitle "CBM 194 Extra"]
[Source "ChessBase"]
[SourceDate "2020.03.31"]
[SourceVersion "1"]
[SourceVersionDate "2020.03.31"]
[SourceQuality "1"]
[WhiteTeam "Lueneburg Turm"]
[BlackTeam "Hamburger SK"]
[WhiteTeamCountry "GER"]
[BlackTeamCountry "GER"]

1. e4 e5 2. Nf3 Nc6 3. Bb5 a6 4. Bxc6 dxc6 5. 0-0 Bg4 6. h3 h5 7. d3 Qf6 8. Nbd2 Bc5 9. Nc4 Bxf3 10. Qxf3 Qxf3 11. gxf3 f6 12. Be3 Bxe3 13. fxe3 c5 14. a4 b6 15. f4 exf4 16. exf4 Ne7 17. f5 Nc6 18. e5 fxe5 19. Nxe5 Nxe5 20. Rae1 Kf7 21. Rxe5 Rhe8 22. Re4 1/2-1/2

[Event "GER-chT U14"]
[Site "Magdeburg"]
[Date "2019.12.29"]
[Round "5.1"]
[White "Frank, Marek"]
[Black "Von Krosigk, Florian"]
[Result "0-1"]
[WhiteElo "1430"]
[BlackElo "1984"]
[PlyCount "64"]
[EventDate "2019.12.27"]
[EventType "team-swiss"]
[EventRounds "7"]
[EventCountry "GER"]
[SourceTitle "CBM 194 Extra"]
[Source "ChessBase"]
[SourceDate "2020.03.31"]
[SourceVersion "1"]
[SourceVersionDate "2020.03.31"]
[SourceQuality "1"]
[WhiteTeam "Gera"]
[BlackTeam "Hamburger SK"]
[WhiteTeamCountry "GER"]
[BlackTeamCountry "GER"]

1. c4 e5 2. g3 Nc6 3. Bg2 Bc5 4. Nc3 a6 5. e3 d6 6. Nge2 Ba7 7. a3 h5 8. h4 Nf6 9. Qc2 Be6 10. Nd5 Bxd5 11. cxd5 Ne7 12. Nc3 0-0 13. 0-0 Nh7 14. d3 f5 15. Qe2 Nf6 16. Kh1 Ng6 17. Bh3 Ng4 18. f3 Nh6 19. f4 Ng4 20. Bxg4 hxg4 21. h5 Ne7 22. fxe5 dxe5 23. e4 Qe8 24. Qh2 fxe4 25. Bg5 exd3 26. h6 Nf5 27. hxg7 Nxg7 28. Ne4 Qd7 29. Qg2 Nh5 30. Bh6 Qh7 31. Rxf8+ Rxf8 32. Bd2 Nxg3# 0-1

[Event "GER-ch U14"]
[Site "Willingen"]
[Date "2019.06.14"]
[Round "8"]
[White "Von Krosigk, Florian"]
[Black "Hetzner, Hannes"]
[Result "1/2-1/2"]
[WhiteElo "1926"]
[BlackElo "2001"]
[PlyCount "67"]
[EventDate "2019.06.08"]
[EventType "swiss"]
[EventRounds "9"]
[EventCountry "GER"]
[SourceTitle "CBM 191 Extra"]
[Source "ChessBase"]
[SourceDate "2019.09.30"]
[SourceVersion "1"]
[SourceVersionDate "2019.09.30"]
[SourceQuality "1"]

1. e4 e6 2. d4 d5 3. Nd2 c5 4. c3 cxd4 5. cxd4 dxe4 6. Nxe4 Nf6 7. Nc3 Nc6 8. Nf3 b6 9. Bb5 Bb7 10. Ne5 Rc8 11. Qf3 Qc7 12. Bg5 Be7 13. Ne4 Bb4+ 14. Kf1 Nxe4 15. Qxe4 0-0 16. Bxc6 Bxc6 17. Nxc6 Qxc6 18. Qxc6 Rxc6 19. a3 f6 20. Be3 Be7 21. g3 f5 22. Kg2 Bf6 23. Rhc1 Rfc8 24. Rxc6 Rxc6 25. Rd1 Kf8 26. Rd2 Ke7 27. Bf4 g5 28. Bb8 a6 29. Be5 Rc8 30. f4 Rd8 31. Rc2 Bxe5 32. dxe5 g4 33. Kf2 Rd5 34. Ke2 1/2-1/2

[Event "GER-ch U14"]
[Site "Willingen"]
[Date "2019.06.09"]
[Round "2"]
[White "Von Krosigk, Florian"]
[Black "Lutz, Ruben"]
[Result "1-0"]
[WhiteElo "1926"]
[BlackElo "2055"]
[PlyCount "89"]
[EventDate "2019.06.08"]
[EventType "swiss"]
[EventRounds "9"]
[EventCountry "GER"]
[SourceTitle "CBM 191 Extra"]
[Source "ChessBase"]
[SourceDate "2019.09.30"]
[SourceVersion "1"]
[SourceVersionDate "2019.09.30"]
[SourceQuality "1"]

1. e4 e6 2. d4 d5 3. Nd2 Nf6 4. e5 Nfd7 5. Bd3 c5 6. c3 Nc6 7. Ne2 cxd4 8. cxd4 f6 9. Nf4 Nxd4 10. Qh5+ Ke7 11. Ng6+ hxg6 12. exf6+ Nxf6 13. Qxh8 Kf7 14. Qh4 e5 15. Nf3 Nxf3+ 16. gxf3 Bf5 17. Bxf5 gxf5 18. Bg5 Qa5+ 19. Kf1 Be7 20. Kg2 d4 21. Rhe1 Re8 22. Rad1 Qd5 23. Rc1 e4 24. Bxf6 Bxf6 25. Qh5+ Kf8 26. Rc7 exf3+ 27. Kh3 Rd8 28. Qh8+ Qg8 29. Qxg8+ Kxg8 30. Rxb7 d3 31. Kg3 d2 32. Rd1 Bg5 33. Rxa7 Kf8 34. Rc7 g6 35. Kxf3 Rb8 36. h4 Bh6 37. b3 Ra8 38. Rc2 Rd8 39. Rb2 Rd4 40. b4 Rc4 41. b5 Rc1 42. b6 Rxd1 43. b7 Bf4 44. Kxf4 g5+ 45. hxg5 1-0

[Event "JBLN West 1819"]
[Site "Germany"]
[Date "2019.03.10"]
[Round "6.6"]
[White "Von Krosigk, Florian"]
[Black "Tuerk, Janusch"]
[Result "1-0"]
[WhiteElo "1938"]
[BlackElo "1385"]
[PlyCount "55"]
[EventDate "2018.09.23"]
[EventType "team-tourn"]
[EventRounds "9"]
[EventCountry "GER"]
[SourceTitle "EXT 2020"]
[Source "ChessBase"]
[SourceDate "2019.10.17"]
[SourceVersion "1"]
[SourceVersionDate "2019.10.17"]
[SourceQuality "1"]
[WhiteTeam "Hamburger SK U20"]
[BlackTeam "Weisse Dame U20"]
[WhiteTeamCountry "GER"]
[BlackTeamCountry "GER"]

1. e4 e5 2. Nf3 Nc6 3. Bb5 a6 4. Ba4 Nf6 5. d3 d6 6. 0-0 b5 7. Bb3 Na5 8. Bd2 Nxb3 9. axb3 Bg4 10. h3 Bh5 11. Nc3 c6 12. b4 Be7 13. Re1 0-0 14. g4 Bg6 15. d4 exd4 16. Nxd4 d5 17. Nxc6 Qd7 18. Nxe7+ Qxe7 19. exd5 Qb7 20. Bg5 Nd7 21. Be7 Rfe8 22. d6 Nf6 23. Qd4 Bxc2 24. Bxf6 gxf6 25. d7 Red8 26. Nd5 Kg7 27. Qxf6+ Kf8 28. Qh8# 1-0

[Event "Youth District Germany"]
[Site "Wuerzburg"]
[Date "2018.10.03"]
[Round "1.4"]
[White "Von Krosigk, Florian"]
[Black "Arakelian, Aik"]
[Result "1-0"]
[WhiteElo "1897"]
[BlackElo "1879"]
[PlyCount "89"]
[EventDate "2018.10.02"]
[EventType "team-swiss"]
[EventRounds "7"]
[EventCountry "GER"]
[SourceTitle "CBM 186 Extra"]
[Source "ChessBase"]
[SourceDate "2018.08.24"]
[SourceVersion "1"]
[SourceVersionDate "2018.08.24"]
[SourceQuality "1"]
[WhiteTeam "Hamburg U20"]
[BlackTeam "Nordrhein Westfalen U20"]
[WhiteTeamCountry "GER"]
[BlackTeamCountry "GER"]

1. e4 e5 2. Nf3 Nc6 3. Bc4 Nf6 4. d3 Bc5 5. 0-0 d6 6. c3 Bb6 7. Nbd2 0-0 8. Bb3 a6 9. h3 Be6 10. Bc2 h6 11. Re1 Re8 12. Nf1 d5 13. exd5 Nxd5 14. Ne3 Nf4 15. Ng4 Bxg4 16. hxg4 Qf6 17. Bxf4 Qxf4 18. Re4 Qf6 19. Qe2 Re7 20. Re1 Ba7 21. d4 Rae8 22. d5 Nb8 23. c4 Bc5 24. a3 a5 25. Qd2 Qb6 26. Rxe5 Rxe5 27. Rxe5 Rxe5 28. Nxe5 Bd4 29. Nd3 Nd7 30. b4 axb4 31. axb4 Nf6 32. c5 Qa6 33. Nf4 Qa1+ 34. Qd1 Nxg4 35. Qxa1 Bxa1 36. Be4 g5 37. Nd3 Nf6 38. d6 c6 39. Bf5 Nd5 40. Bc8 b6 41. Bb7 bxc5 42. bxc5 Kf8 43. Bxc6 Nf6 44. Ba4 Nd5 45. c6 1-0

[Event "JBLN West 1819"]
[Site "Germany"]
[Date "2018.09.23"]
[Round "1.6"]
[White "Steinbach, Julian"]
[Black "Von Krosigk, Florian"]
[Result "0-1"]
[WhiteElo "1718"]
[BlackElo "1938"]
[PlyCount "60"]
[EventDate "2018.09.23"]
[EventType "team-tourn"]
[EventRounds "9"]
[EventCountry "GER"]
[SourceTitle "EXT 2020"]
[Source "ChessBase"]
[SourceDate "2019.10.17"]
[SourceVersion "1"]
[SourceVersionDate "2019.10.17"]
[SourceQuality "1"]
[WhiteTeam "Kiel Doppelbauer U20"]
[BlackTeam "Hamburger SK U20"]
[WhiteTeamCountry "GER"]
[BlackTeamCountry "GER"]

1. e4 c5 2. d3 Nc6 3. f4 a6 4. Nf3 b5 5. c3 d5 6. Be2 Bb7 7. 0-0 e6 8. f5 exf5 9. exf5 d4 10. cxd4 Nxd4 11. Re1 Be7 12. Bg5 Nf6 13. Bxf6 Bxf6 14. Bf1+ Be7 15. Nxd4 Qxd4+ 16. Kh1 Rd8 17. Qe2 Rd7 18. Qe5 Qxe5 19. Rxe5 0-0 20. Nc3 Bf6 21. Re3 Bd4 22. Re2 g6 23. fxg6 fxg6 24. Ne4 Rdf7 25. Ng3 b4 26. h4 Rf4 27. Nf5 R8xf5 28. Kh2 Rxh4+ 29. Kg3 Bf2+ 30. Rxf2 Rg4+ 0-1

[Event "GER-chT U12"]
[Site "Magdeburg"]
[Date "2017.12.28"]
[Round "4.2"]
[White "Morgenstern, Tobias"]
[Black "Von Krosigk, Florian"]
[Result "1/2-1/2"]
[WhiteElo "1751"]
[BlackElo "1670"]
[PlyCount "88"]
[EventDate "2017.12.26"]
[EventType "team-swiss"]
[EventRounds "7"]
[EventCountry "GER"]
[SourceTitle "CBM 182 Extra"]
[Source "ChessBase"]
[SourceDate "2018.02.23"]
[SourceVersion "1"]
[SourceVersionDate "2018.02.23"]
[SourceQuality "1"]
[WhiteTeam "Magdeburg Schachzwerge"]
[BlackTeam "Hamburger SK"]
[WhiteTeamCountry "GER"]
[BlackTeamCountry "GER"]

1. e4 c5 2. Nf3 e6 3. d4 cxd4 4. Nxd4 a6 5. Nc3 Qc7 6. Bd3 Nf6 7. f4 d6 8. 0-0 b5 9. Qf3 Bb7 10. Be3 Nbd7 11. Rae1 Nc5 12. a3 Be7 13. f5 e5 14. Nb3 0-0 15. g4 d5 16. Nxc5 Bxc5 17. exd5 Bxe3+ 18. Rxe3 Qc5 19. Ne4 Nxe4 20. Bxe4 Rad8 21. Rd1 a5 22. Kg2 b4 23. Rb3 Qc4 24. f6 g6 25. Qe3 Rd6 26. Rf1 Bxd5 27. Bxd5 Qxd5+ 28. Kg3 e4 29. Rf5 Qd2 30. Qxd2 Rxd2 31. Rxa5 bxa3 32. Raxa3 Rxc2 33. Ra4 Re8 34. Rxe4 Kf8 35. Rxe8+ Kxe8 36. Re3+ Kd8 37. Re7 Rxb2 38. Rxf7 h5 39. gxh5 gxh5 40. Rh7 Ke8 41. Rxh5 Kf7 42. h4 Kxf6 43. Rg5 Rb4 44. Rg8 Kf7 1/2-1/2

[Event "GER-chT U10"]
[Site "Magdeburg"]
[Date "2015.12.27"]
[Round "2.3"]
[White "Von Krosigk, Florian"]
[Black "Beck, Felix"]
[Result "1-0"]
[WhiteElo "1254"]
[BlackElo "1010"]
[PlyCount "81"]
[EventDate "2015.12.27"]
[EventType "team-swiss"]
[EventRounds "7"]
[EventCountry "GER"]
[SourceTitle "EXT 2017"]
[Source "ChessBase"]
[SourceDate "2016.10.25"]
[SourceVersion "1"]
[SourceVersionDate "2016.10.25"]
[SourceQuality "1"]
[WhiteTeam "Hamburger SK"]
[BlackTeam "Berlin Nord Ost"]
[WhiteTeamCountry "GER"]
[BlackTeamCountry "GER"]

1. e4 e5 2. Nf3 Nc6 3. Bc4 Be7 4. c3 Nf6 5. d3 d6 6. h3 Be6 7. Bb3 d5 8. Nbd2 0-0 9. 0-0 Qd7 10. Ba4 Qd6 11. Re1 Rad8 12. b4 a6 13. Bb2 b5 14. Bb3 dxe4 15. dxe4 Qd3 16. Re3 Qd6 17. Bc2 Na7 18. Rd3 Qb6 19. Rxd8 Rxd8 20. Nxe5 Qd6 21. Nef3 Qf4 22. Qe2 c5 23. a3 Nc6 24. Rd1 Bd6 25. Re1 Ne5 26. Nxe5 Qxe5 27. Nf3 Qf4 28. Bc1 Bc4 29. Bd3 Bxd3 30. Qxd3 c4 31. Qc2 Qxe4 32. Rxe4 Nxe4 33. Qxe4 Bc7 34. Bd2 h6 35. Qe7 Bb6 36. Qb7 Rd6 37. Bf4 Re6 38. Ne5 Rf6 39. g3 g5 40. Be3 Bxe3 41. fxe3 1-0

[Event "GER-chT U10"]
[Site "Magdeburg"]
[Date "2014.12.29"]
[Round "6.2"]
[White "Von Krosigk, Florian"]
[Black "Seibt, Bruno"]
[Result "1-0"]
[WhiteElo "600"]
[BlackElo "862"]
[PlyCount "91"]
[EventDate "2014.12.27"]
[EventType "team-swiss"]
[EventRounds "7"]
[EventCountry "GER"]
[SourceTitle "EXT 2016"]
[Source "ChessBase"]
[SourceDate "2015.10.08"]
[SourceVersion "1"]
[SourceVersionDate "2015.10.08"]
[SourceQuality "1"]
[WhiteTeam "Hamburger SK III"]
[BlackTeam "Oberland"]
[WhiteTeamCountry "GER"]
[BlackTeamCountry "GER"]

1. e4 e5 2. Nf3 Nc6 3. Bc4 Nf6 4. d3 Be7 5. Nc3 d6 6. Ng5 0-0 7. Qf3 Be6 8. Bxe6 fxe6 9. Nxe6 Qd7 10. Nxf8 Rxf8 11. Qg3 Ng4 12. 0-0 Nd4 13. f3 Nf6 14. Re1 d5 15. Nxd5 Nxd5 16. exd5 Qxd5 17. Bh6 Nf5 18. Qxe5 Qf7 19. Qxc7 gxh6 20. Re4 h5 21. Rae1 Bc5+ 22. Qxc5 Qxa2 23. Re8 Qf7 24. Rxf8+ Qxf8 25. Qxf8+ Kxf8 26. Re5 Nd4 27. c3 Nc6 28. Rxh5 Kg7 29. Rd5 Kg6 30. Rd7 b5 31. d4 a5 32. Rd6+ Kf5 33. Rxc6 h6 34. Rb6 a4 35. g3 h5 36. Rxb5+ Kg6 37. Re5 Kf6 38. f4 Kg6 39. d5 a3 40. bxa3 Kg7 41. d6 Kf6 42. d7 Kf7 43. d8Q Kg7 44. Qg5+ Kh7 45. Re7+ Kh8 46. Qg7# 1-0

[Event "GER-chT U10"]
[Site "Magdeburg"]
[Date "2014.12.28"]
[Round "5.2"]
[White "Mielewsky, Karl Josef"]
[Black "Von Krosigk, Florian"]
[Result "0-1"]
[WhiteElo "857"]
[BlackElo "600"]
[PlyCount "102"]
[EventDate "2014.12.27"]
[EventType "team-swiss"]
[EventRounds "7"]
[EventCountry "GER"]
[SourceTitle "EXT 2016"]
[Source "ChessBase"]
[SourceDate "2015.10.08"]
[SourceVersion "1"]
[SourceVersionDate "2015.10.08"]
[SourceQuality "1"]
[WhiteTeam "Halle Roter Turm II"]
[BlackTeam "Hamburger SK III"]
[WhiteTeamCountry "GER"]
[BlackTeamCountry "GER"]

1. e4 e5 2. Nf3 Nc6 3. Bc4 Bc5 4. d3 Nf6 5. Nc3 d6 6. Bg5 0-0 7. 0-0 Bg4 8. Nd5 Bd4 9. c3 Bc5 10. d4 exd4 11. cxd4 Bxd4 12. Qd3 Bxb2 13. Rab1 Bxf3 14. Qxf3 Nd4 15. Qh3 Bc3 16. Bd3 h6 17. e5 dxe5 18. Bxh6 Qxd5 19. Bg5 Rfe8 20. Bxf6 gxf6 21. Rb5 c5 22. Rbb1 Kf8 23. Qh4 Ke7 24. Be4 Qxa2 25. Rxb7+ Ke6 26. Qg4+ f5 27. Qh3 Rab8 28. Qh6+ f6 29. Qh7 Rbd8 30. Qf7+ Kd6 31. Qxa2 fxe4 32. Qxa7 Ra8 33. Qb6+ Nc6 34. Rd1+ Bd4 35. Qc7+ Kd5 36. Qd7+ Kc4 37. Qxc6 Ra5 38. Rc1+ Kd3 39. h3 Rea8 40. Kh2 Bxf2 41. Rd7+ Bd4 42. Qxf6 Kd2 43. Qg5+ Ke2 44. Qh5+ Kd2 45. Qd1+ Ke3 46. g3 Ra2+ 47. Kg1 c4 48. Qe1+ Kd3+ 49. Kf1 Rf8+ 50. Qf2 Raxf2+ 51. Ke1 Rf1# 0-1

[Event "GER-chT U10"]
[Site "Magdeburg"]
[Date "2014.12.27"]
[Round "2.2"]
[White "Von Krosigk, Florian"]
[Black "Buschmann, Tim"]
[Result "0-1"]
[WhiteElo "600"]
[BlackElo "1115"]
[PlyCount "76"]
[EventDate "2014.12.27"]
[EventType "team-swiss"]
[EventRounds "7"]
[EventCountry "GER"]
[SourceTitle "EXT 2016"]
[Source "ChessBase"]
[SourceDate "2015.10.08"]
[SourceVersion "1"]
[SourceVersionDate "2015.10.08"]
[SourceQuality "1"]
[WhiteTeam "Hamburger SK III"]
[BlackTeam "Berlin Nord Ost"]
[WhiteTeamCountry "GER"]
[BlackTeamCountry "GER"]

1. e4 c5 2. Nf3 Nc6 3. Nc3 Nf6 4. d4 cxd4 5. Nxd4 a6 6. Bc4 b5 7. Nxc6 dxc6 8. Qxd8+ Kxd8 9. Bxf7 b4 10. Ne2 Nxe4 11. Bf4 Nd6 12. Rd1 Kd7 13. c4 c5 14. Be3 Kc6 15. Bd5+ Kb6 16. Nf4 Bb7 17. Be6 g5 18. Nd3 Bxg2 19. Bxc5+ Kc6 20. Rg1 Bf3 21. Rd2 Ne4 22. Bd5+ Kc7 23. Bxe4 Bxe4 24. Ne5 Rb8 25. Rd7+ Kc8 26. Ke2 Bf5 27. Rd5 e6 28. Rd6 Bxd6 29. Bxd6 Rb6 30. Bc5 Rb7 31. Rd1 Rd8 32. Rg1 h6 33. Nc6 Rd3 34. Bxb4 Rh3 35. Rd1 Bg4+ 36. Ke1 Bxd1 37. Kxd1 Rxh2 38. Ke2 a5 0-1